| 000 | 00000nam##2200000za#4500 |
| 001 | 9.599476 |
| 003 | CaOODSP |
| 005 | 20240501092930 |
| 007 | cr ||||||||||| |
| 008 | 150406|1989||||xxc|||||o f|0| 0 fre|d |
| 040 | |aCaOODSP|bfre |
| 043 | |an-cn--- |
| 086 | 1 |aPS83-3/5F-PDF |
| 110 | 2 |aService correctionnel Canada. |
| 245 | 10|aRôle de la direction de la Recherche / |h[ressource électronique]|crédigé par Frank J. Porporino. |
| 260 | |bService correctionnel Canada |cMars 1989. |
| 300 | |a10p. |
| 490 | 1 |aRapport de recherche|vR-05 |
| 590 | |a10-09-Supp|b2010-11-02 |
| 720 | 1 |aPorporino, Frank J. |
| 775 | 08|tRole of the Research Branch / |w(CaOODSP)9.568183 |
| 830 | #0|aRapport de recherche (Service correctionnel Canada. Direction de la recherche)|vR-05|w(CaOODSP)9.502465 |
| 856 | 40|ahttp://publications.gc.ca|qPDF|s37 Ko|uhttps://publications.gc.ca/collections/collection_2010/scc-csc/PS83-3-5-fra.pdf|yR-05 |